[Event "Mediterranean op 10th"]
[Site "Rijeka"]
[Date "2018.11.26"]
[Round "4"]
[White "Rajter, Emil"]
[Black "Petrovic, David"]
[Result "1/2-1/2"]
[WhiteElo "1887"]
[BlackElo "1726"]
[PlyCount "53"]
[EventDate "2018.11.24"]
[EventType "swiss"]
[EventRounds "9"]
[EventCountry "CRO"]
[SourceTitle "CBM 187 Extra"]
[Source "ChessBase"]
[SourceDate "2018.11.04"]
[SourceVersion "1"]
[SourceVersionDate "2018.11.04"]
[SourceQuality "1"]

1. Nf3 g6 2. d4 Bg7 3. g3 f5 4. Bg2 d6 5. c4 c6 6. Nc3 Nf6 7. 0-0 Qc7 8. Bg5 Nbd7 9. d5 h6 10. Bf4 0-0 11. Qd2 g5 12. Be3 e5 13. dxe6 Ne5 14. Nd4 Nxc4 15. Qc2 Ng4 16. Nxf5 Bxe6 17. Nxg7 Qxg7 18. Bd2 Rae8 19. Ne4 d5 20. Bc3 Qh7 21. b3 Nd6 22. h3 Nxe4 23. Bxe4 Qxe4 24. Qxe4 dxe4 25. hxg4 Bxg4 26. Rfe1 h5 27. Rad1 1/2-1/2

[Event "Mediterranean op 10th"]
[Site "Rijeka"]
[Date "2018.11.24"]
[Round "1"]
[White "Rajter, Emil"]
[Black "Vujic, Agata"]
[Result "1-0"]
[WhiteElo "1887"]
[BlackElo "1527"]
[PlyCount "57"]
[EventDate "2018.11.24"]
[EventType "swiss"]
[EventRounds "9"]
[EventCountry "CRO"]
[SourceTitle "CBM 187 Extra"]
[Source "ChessBase"]
[SourceDate "2018.11.04"]
[SourceVersion "1"]
[SourceVersionDate "2018.11.04"]
[SourceQuality "1"]

1. d4 d5 2. Nf3 Nf6 3. c4 dxc4 4. Nc3 a6 5. a4 Bf5 6. Bg5 h6 7. Bh4 Nbd7 8. e3 e6 9. e4 Bg4 10. e5 g5 11. Bg3 Nd5 12. Bxc4 N7b6 13. Be2 Bb4 14. Rc1 Qe7 15. 0-0 h5 16. h3 Bf5 17. a5 Bxa5 18. Nxd5 Nxd5 19. Qa4+ c6 20. Qxa5 g4 21. hxg4 hxg4 22. Nh2 Qg5 23. Qa3 Be4 24. Nxg4 0-0-0 25. Bf3 Bf5 26. Nh2 Rdg8 27. Bxd5 exd5 28. e6 Rxh2 29. Qd6 1-0

[Event "Rijeka Paris Memorial 38th"]
[Site "Rijeka"]
[Date "2017.11.09"]
[Round "7"]
[White "Troselj, Ivan"]
[Black "Rajter, Emil"]
[Result "1/2-1/2"]
[WhiteElo "1568"]
[BlackElo "1891"]
[PlyCount "130"]
[EventDate "2017.11.04"]
[EventType "swiss"]
[EventRounds "9"]
[EventCountry "CRO"]
[SourceTitle "CBM 181 Extra"]
[Source "ChessBase"]
[SourceDate "2017.12.12"]
[SourceVersion "1"]
[SourceVersionDate "2017.12.12"]
[SourceQuality "1"]

1. e4 e5 2. Nf3 Nc6 3. Nc3 Nf6 4. d4 exd4 5. Nxd4 Bb4 6. Nxc6 bxc6 7. Bd3 0-0 8. 0-0 d5 9. exd5 cxd5 10. Bg5 c6 11. Qf3 Be7 12. Rfe1 h6 13. Bh4 Re8 14. h3 Rb8 15. Rab1 Be6 16. Ne2 Ne4 17. Bxe7 Rxe7 18. Nd4 Ng5 19. Qf4 Rc8 20. Nxe6 Nxe6 21. Qf5 g6 22. Qf6 Re8 23. Qxd8 Rcxd8 24. Re3 Kg7 25. Rbe1 Rb8 26. b3 Rec8 27. Rxe6 fxe6 28. Rxe6 g5 29. Rg6+ Kf7 30. Rxh6 c5 31. Rh7+ Kf6 32. Rxa7 Ra8 33. Rxa8 Rxa8 34. a4 Ke5 35. g3 Kd4 36. Kg2 c4 37. bxc4 dxc4 38. Bf5 Rxa4 39. h4 gxh4 40. gxh4 Ke5 41. Bg6 Kf4 42. h5 c3 43. h6 Ra6 44. Bd3 Rxh6 45. f3 Rd6 46. Be4 Rd2+ 47. Kf1 Ke3 48. Ke1 Re2+ 49. Kf1 Kd2 50. Bg6 Ke3 51. Be4 Rf2+ 52. Ke1 Rh2 53. Kf1 Kd2 54. Bd3 Kc1 55. f4 Rh3 56. Kg2 Rh6 57. Kf1 Rh3 58. Ke2 Rh2+ 59. Ke3 Rxc2 60. f5 Ra2 61. f6 Ra8 62. Kf4 Kd2 63. Bg6 Rf8 64. Ke5 Rg8 65. f7 Rf8 1/2-1/2

[Event "Rijeka Paris Memorial 38th"]
[Site "Rijeka"]
[Date "2017.11.07"]
[Round "5"]
[White "Radikovic, Anamarija"]
[Black "Rajter, Emil"]
[Result "1/2-1/2"]
[WhiteElo "1783"]
[BlackElo "1891"]
[PlyCount "51"]
[EventDate "2017.11.04"]
[EventType "swiss"]
[EventRounds "9"]
[EventCountry "CRO"]
[SourceTitle "CBM 181 Extra"]
[Source "ChessBase"]
[SourceDate "2017.12.12"]
[SourceVersion "1"]
[SourceVersionDate "2017.12.12"]
[SourceQuality "1"]

1. e4 e5 2. Nf3 Nc6 3. Bc4 Be7 4. c3 Nf6 5. d3 0-0 6. 0-0 d5 7. exd5 Nxd5 8. d4 Nb6 9. Bd3 exd4 10. Nxd4 Nxd4 11. cxd4 Bf6 12. Be3 c5 13. Qh5 g6 14. Qxc5 Be6 15. Nc3 Rc8 16. Qb4 Bc4 17. Rfd1 Nd5 18. Nxd5 Qxd5 19. b3 Bxd3 20. Rxd3 Rc2 21. Rc3 Rc8 22. Rxc8+ Rxc8 23. Rd1 Rc2 24. Qa4 a6 25. h3 Kg7 26. a3 1/2-1/2

[Event "Rijeka Paris Memorial 36th"]
[Site "Rijeka"]
[Date "2015.07.06"]
[Round "5"]
[White "Rajter, Emil"]
[Black "Muslija, Idris"]
[Result "0-1"]
[WhiteElo "1897"]
[BlackElo "2269"]
[PlyCount "74"]
[EventDate "2015.07.03"]
[EventType "swiss"]
[EventRounds "9"]
[EventCountry "CRO"]
[SourceTitle "CBM 167 Extra"]
[Source "ChessBase"]
[SourceDate "2015.09.14"]
[SourceVersion "1"]
[SourceVersionDate "2015.09.14"]
[SourceQuality "1"]

1. d4 d5 2. Nf3 c6 3. e3 Bg4 4. Nbd2 Nf6 5. Bd3 Nbd7 6. 0-0 e6 7. b3 Bd6 8. Bb2 0-0 9. c4 a5 10. a3 Qb8 11. h3 Bh5 12. e4 Bg6 13. Qe2 dxe4 14. Nxe4 Be7 15. Ne5 Nxe5 16. dxe5 Nxe4 17. Bxe4 Qc7 18. Rfd1 Rfd8 19. Bxg6 hxg6 20. Qe4 Qb6 21. Bd4 Qxb3 22. Rab1 Qa4 23. Rdc1 Rd7 24. Rc3 Rad8 25. Bb6 Rd1+ 26. Rxd1 Rxd1+ 27. Kh2 Bxa3 28. h4 Rd7 29. Rg3 Bf8 30. Be3 Qd1 31. Bg5 a4 32. Rh3 a3 33. h5 gxh5 34. f3 Qd3 35. Qh4 Qg6 36. Rg3 a2 37. Bf6 Qxg3+ 0-1

[Event "Mediterranean op 7th"]
[Site "Rijeka"]
[Date "2014.11.14"]
[Round "8"]
[White "Rajter, Emil"]
[Black "Tomulic, Teo"]
[Result "1/2-1/2"]
[WhiteElo "1910"]
[BlackElo "1915"]
[PlyCount "66"]
[EventDate "2014.11.08"]
[EventType "swiss"]
[EventRounds "9"]
[EventCountry "CRO"]
[SourceTitle "CBM 163 Extra"]
[Source "ChessBase"]
[SourceDate "2014.12.23"]
[SourceVersion "1"]
[SourceVersionDate "2014.12.23"]
[SourceQuality "1"]

1. d4 f5 2. g3 Nf6 3. Bg2 e6 4. c4 Be7 5. Nc3 0-0 6. Nf3 Ne4 7. 0-0 b6 8. d5 Nxc3 9. bxc3 c6 10. Ne5 Bb7 11. d6 Bf6 12. f4 Qc8 13. c5 Na6 14. Be3 Nxc5 15. Bxc5 bxc5 16. Qa4 Bxe5 17. fxe5 Ba6 18. c4 Rb8 19. Rab1 Rb6 20. Rb3 Qb7 21. Rfb1 Rb8 22. Rxb6 axb6 23. Qc2 Qa7 24. e4 Rf8 25. Rf1 g6 26. exf5 exf5 27. Qe2 b5 28. Bxc6 dxc6 29. e6 Bc8 30. Rd1 Bxe6 31. Qxe6+ Qf7 32. Qe3 bxc4 33. Qxc5 Qe6 1/2-1/2

[Event "Mediterranean op 7th"]
[Site "Rijeka"]
[Date "2014.11.09"]
[Round "2"]
[White "Rajter, Emil"]
[Black "Dasic, Jelena"]
[Result "1-0"]
[WhiteElo "1910"]
[BlackElo "1642"]
[PlyCount "37"]
[EventDate "2014.11.08"]
[EventType "swiss"]
[EventRounds "9"]
[EventCountry "CRO"]
[SourceTitle "CBM 163 Extra"]
[Source "ChessBase"]
[SourceDate "2014.12.23"]
[SourceVersion "1"]
[SourceVersionDate "2014.12.23"]
[SourceQuality "1"]

1. Nf3 Nf6 2. c4 e6 3. e3 b6 4. Be2 Bb7 5. 0-0 Be7 6. d4 d6 7. Nc3 0-0 8. Qc2 Nbd7 9. e4 e5 10. dxe5 dxe5 11. Rd1 Bd6 12. Bg5 Qe8 13. Nh4 Qe6 14. Nf5 Nc5 15. f3 Ne8 16. Nd5 Bxd5 17. exd5 Qg6 18. Be7 Nf6 19. Bxd6 1-0

[Event "Mediterranean op 7th"]
[Site "Rijeka"]
[Date "2014.11.08"]
[Round "1"]
[White "Muskardin, Mario"]
[Black "Rajter, Emil"]
[Result "1-0"]
[WhiteElo "2264"]
[BlackElo "1910"]
[PlyCount "57"]
[EventDate "2014.11.08"]
[EventType "swiss"]
[EventRounds "9"]
[EventCountry "CRO"]
[SourceTitle "CBM 163 Extra"]
[Source "ChessBase"]
[SourceDate "2014.12.23"]
[SourceVersion "1"]
[SourceVersionDate "2014.12.23"]
[SourceQuality "1"]

1. Nf3 Nf6 2. c4 e6 3. g3 b6 4. Bg2 Bb7 5. 0-0 Be7 6. d4 c5 7. d5 exd5 8. Nh4 d6 9. Nc3 Qc7 10. Nf5 0-0 11. Bf4 Qd7 12. Bxd5 Rd8 13. Bxb7 Qxb7 14. Nd5 Nc6 15. e3 Nxd5 16. Qxd5 Bf6 17. Rad1 Na5 18. b3 Rd7 19. Nxd6 Qxd5 20. Rxd5 Rad8 21. Rfd1 Kf8 22. Nb5 Rxd5 23. Rxd5 Nc6 24. Bd6+ Kg8 25. Bc7 Rxd5 26. cxd5 Ne7 27. e4 a6 28. Na7 b5 29. d6 1-0

[Event "Primorie-Gorski CupT final"]
[Site "Rijeka"]
[Date "2014.05.04"]
[Round "1.1"]
[White "Rajter, Emil"]
[Black "Medancic, Rikard"]
[Result "0-1"]
[WhiteElo "1847"]
[BlackElo "2206"]
[PlyCount "90"]
[EventDate "2014.05.04"]
[EventType "team-k.o."]
[EventRounds "2"]
[EventCountry "CRO"]
[SourceTitle "EXT 2023"]
[Source "ChessBase"]
[SourceDate "2022.10.05"]
[SourceVersion "1"]
[SourceVersionDate "2022.10.05"]
[SourceQuality "1"]
[WhiteTeam "Kraljevica"]
[BlackTeam "Rijeka Kvarner"]
[WhiteTeamCountry "CRO"]
[BlackTeamCountry "CRO"]

1. Nf3 b5 2. e3 b4 3. d4 Nf6 4. Bd3 e6 5. e4 Be7 6. Bg5 Bb7 7. e5 Nd5 8. Bxe7 Qxe7 9. 0-0 0-0 10. Nbd2 d6 11. Nc4 Nf4 12. a3 Nxd3 13. cxd3 dxe5 14. dxe5 Nc6 15. Qe2 Rfd8 16. Qe3 h6 17. d4 a5 18. Ncd2 bxa3 19. Rxa3 Rd5 20. Ne4 Rad8 21. Nc5 Ba8 22. Rd3 Nxd4 23. Rxd4 Rxd4 24. Nxd4 Qxc5 25. Nf5 Qb4 26. Ng3 Qb7 27. f3 Qxb2 28. Rf2 Qb6 29. Qf4 Qd4 30. Ne4 Rd5 31. g4 Qxe5 32. Qc1 Rd4 33. Ng3 Qd6 34. Qb2 Qb4 35. Qe2 a4 36. Nh5 Qd6 37. Qb5 Bc6 38. Qb8+ Kh7 39. Qb2 a3 40. Qb1+ f5 41. Qc2 Qd5 42. Ng3 Rb4 43. Qc3 Rb3 44. Qa1 Rxf3 45. Nh5 Rc3 0-1

[Event "CRO-ch U17"]
[Site "Vukovar"]
[Date "2013.07.25"]
[Round "5"]
[White "Rajter, Emil"]
[Black "Pavcevic, Bruno"]
[Result "1-0"]
[WhiteElo "1820"]
[BlackElo "1934"]
[PlyCount "55"]
[EventDate "2013.07.22"]
[EventType "swiss"]
[EventRounds "9"]
[EventCountry "CRO"]
[SourceTitle "EXT 2014"]
[Source "ChessBase"]
[SourceDate "2013.11.20"]
[SourceVersion "1"]
[SourceVersionDate "2013.11.20"]
[SourceQuality "1"]

1. Nf3 Nf6 2. c4 e6 3. Nc3 Bb4 4. Qc2 0-0 5. a3 Bxc3 6. Qxc3 d6 7. d4 Ne4 8. Qc2 f5 9. e3 b6 10. Bd3 Bb7 11. 0-0 Nd7 12. Nd2 Ng5 13. f4 Nf7 14. b4 Nf6 15. Be2 Ne4 16. Bf3 d5 17. Nxe4 dxe4 18. Be2 g5 19. Bb2 gxf4 20. Rxf4 Qg5 21. Raf1 Rad8 22. d5 exd5 23. Qc3 h6 24. Rxf5 Qg6 25. Rxf7 d4 26. Rxf8+ Rxf8 27. Rxf8+ Kxf8 28. Qxd4 1-0

[Event "CRO-ch U17"]
[Site "Topusko"]
[Date "2012.07.28"]
[Round "8"]
[White "Rajter, Emil"]
[Black "Muskardin, Mario"]
[Result "0-1"]
[WhiteElo "1822"]
[BlackElo "2211"]
[PlyCount "70"]
[EventDate "2012.??.??"]
[EventType "swiss"]
[EventRounds "9"]
[EventCountry "CRO"]
[SourceTitle "EXT 2013"]
[Source "ChessBase"]
[SourceDate "2012.11.22"]
[SourceVersion "1"]
[SourceVersionDate "2012.11.22"]
[SourceQuality "1"]

1. Nf3 Nf6 2. c4 c5 3. Nc3 Nc6 4. e3 g6 5. d4 cxd4 6. exd4 d5 7. cxd5 Nxd5 8. Qb3 Nxc3 9. bxc3 Bg7 10. Bb5 0-0 11. 0-0 Na5 12. Qc2 Be6 13. Qe2 Rc8 14. Bd2 Nc4 15. Rfe1 Nxd2 16. Qxd2 Qa5 17. Bf1 Qxc3 18. Qf4 Qc7 19. Qe3 Bf6 20. Rab1 Bd5 21. Nd2 b6 22. a3 Qc3 23. Qxc3 Rxc3 24. Ne4 Rxa3 25. Nxf6+ exf6 26. h3 Rd8 27. Re7 Be6 28. Rd1 a5 29. Rb7 Rb3 30. Be2 a4 31. Ra7 Rb4 32. Bf3 Rdxd4 33. Ra1 b5 34. Ra3 Rb1+ 35. Kh2 Bb3 0-1

[Event "CRO-ch U17"]
[Site "Topusko"]
[Date "2012.07.27"]
[Round "7"]
[White "Blazeka, Matej"]
[Black "Rajter, Emil"]
[Result "1-0"]
[WhiteElo "2216"]
[BlackElo "1822"]
[PlyCount "63"]
[EventDate "2012.??.??"]
[EventType "swiss"]
[EventRounds "9"]
[EventCountry "CRO"]
[SourceTitle "EXT 2013"]
[Source "ChessBase"]
[SourceDate "2012.11.22"]
[SourceVersion "1"]
[SourceVersionDate "2012.11.22"]
[SourceQuality "1"]

1. e4 e5 2. Nf3 Nc6 3. Bb5 a6 4. Ba4 Nf6 5. d3 b5 6. Bb3 Be7 7. 0-0 d6 8. c3 0-0 9. Re1 Na5 10. Bc2 c5 11. Nbd2 Re8 12. Nf1 Bf8 13. Bg5 g6 14. Ne3 h6 15. Bh4 Be7 16. h3 Bb7 17. Nh2 h5 18. Bg5 Nc6 19. f4 exf4 20. Bxf4 Qd7 21. Nf3 Bf8 22. Qe2 Bg7 23. Rad1 b4 24. Nc4 Rad8 25. Bxd6 Ne7 26. Nfe5 Qe6 27. Bxc5 bxc3 28. bxc3 Rc8 29. d4 a5 30. Ba3 Red8 31. Bxe7 Qxe7 32. Nxa5 1-0

[Event "CRO-ch U17"]
[Site "Topusko"]
[Date "2012.07.26"]
[Round "5"]
[White "Rajter, Emil"]
[Black "Ostovic, Matija"]
[Result "0-1"]
[WhiteElo "1822"]
[BlackElo "2307"]
[PlyCount "38"]
[EventDate "2012.??.??"]
[EventType "swiss"]
[EventRounds "9"]
[EventCountry "CRO"]
[SourceTitle "EXT 2013"]
[Source "ChessBase"]
[SourceDate "2012.11.22"]
[SourceVersion "1"]
[SourceVersionDate "2012.11.22"]
[SourceQuality "1"]

1. Nf3 Nc6 2. d4 d6 3. g3 Nf6 4. Bg2 Bf5 5. 0-0 Qd7 6. c4 0-0-0 7. Qa4 Kb8 8. Rd1 Nxd4 9. Qa5 Nxe2+ 10. Kh1 Nxc1 11. Ne5 Qe6 12. Qb4 d5 13. cxd5 Qxe5 14. d6 Be4 15. dxc7+ Qxc7 16. Rxd8+ Qxd8 17. Bxe4 Nxe4 18. Qxe4 Nd3 19. Qe2 Qd4 0-1

[Event "CRO-ch U17"]
[Site "Topusko"]
[Date "2012.07.25"]
[Round "4"]
[White "Pavcevic, Bruno"]
[Black "Rajter, Emil"]
[Result "0-1"]
[WhiteElo "1821"]
[BlackElo "1822"]
[PlyCount "92"]
[EventDate "2012.??.??"]
[EventType "swiss"]
[EventRounds "9"]
[EventCountry "CRO"]
[SourceTitle "EXT 2013"]
[Source "ChessBase"]
[SourceDate "2012.11.22"]
[SourceVersion "1"]
[SourceVersionDate "2012.11.22"]
[SourceQuality "1"]

1. e4 e5 2. Nf3 Nc6 3. Bc4 Be7 4. 0-0 Nf6 5. d4 exd4 6. e5 Ne4 7. Bd5 Nc5 8. Nxd4 0-0 9. f4 Nxd4 10. Qxd4 d6 11. Be3 c6 12. Bc4 b5 13. Be2 Qc7 14. b4 dxe5 15. fxe5 Ne6 16. Qc3 a5 17. bxa5 b4 18. Qb2 Rxa5 19. Nd2 Rxe5 20. Nc4 Rxe3 21. Nxe3 Bc5 22. Qb3 Nd4 23. Qd3 Nxe2+ 24. Qxe2 Re8 25. Kh1 Rxe3 26. Qc4 Qe7 27. Rad1 Be6 28. Qf4 Bd5 29. a4 bxa3 30. c4 Bd6 31. Qg4 Be6 32. Qd4 Bc5 33. Qf4 g6 34. Qb8+ Kg7 35. Rd8 Bf5 36. Rg8+ Kf6 37. Qf4 Qe4 38. Qf2 Re2 39. Qg3 a2 40. h4 Qe3 41. Qc7 Qe6 42. Qf4 Qe3 43. Qc7 Rb2 44. Qd8+ Qe7 45. Qa5 Rb1 46. Qc3+ Qe5 0-1

[Event "Mediterranean op 5th"]
[Site "Rijeka"]
[Date "2011.11.18"]
[Round "8"]
[White "Dumpor, Atif"]
[Black "Rajter, Emil"]
[Result "1-0"]
[WhiteElo "2373"]
[BlackElo "1816"]
[PlyCount "57"]
[EventDate "2011.11.11"]
[EventType "swiss"]
[EventRounds "9"]
[EventCountry "CRO"]
[SourceTitle "EXT 2012"]
[Source "ChessBase"]
[SourceDate "2011.11.24"]
[SourceVersion "1"]
[SourceVersionDate "2011.11.24"]
[SourceQuality "1"]

1. c4 Nf6 2. Nc3 e6 3. Nf3 b6 4. g3 Bb7 5. Bg2 Be7 6. 0-0 0-0 7. d3 d6 8. e4 c5 9. Re1 a6 10. h3 Nfd7 11. d4 cxd4 12. Nxd4 Qc7 13. Be3 Ne5 14. Rc1 Nbd7 15. Bf1 Nc5 16. f3 Rac8 17. Bf2 Rfd8 18. f4 Nc6 19. Nxc6 Bxc6 20. b4 Nd7 21. Nd5 Bxd5 22. cxd5 Qb7 23. dxe6 fxe6 24. Qb3 Nf8 25. Rxc8 Rxc8 26. f5 Bf6 27. fxe6 Rc3 28. e7+ Rxb3 29. Bc4+ 1-0